|
|
|
|
| LEADER |
01751nam a2200445Ia 4500 |
| 001 |
EBC476196 |
| 003 |
MiAaPQ |
| 005 |
20200520144314.0 |
| 006 |
m o d | |
| 007 |
cr cn||||||||| |
| 008 |
031010s2003 cau sb 001 0 eng d |
| 010 |
|
|
|z 2003063086
|
| 020 |
|
|
|z 0821355015 (World Bank)
|
| 020 |
|
|
|z 0804749566 (Stanford)
|
| 035 |
|
|
|a (MiAaPQ)EBC476196
|
| 035 |
|
|
|a (Au-PeEL)EBL476196
|
| 035 |
|
|
|a (CaPaEBR)ebr10044931
|
| 035 |
|
|
|a (CaONFJC)MIL8620
|
| 035 |
|
|
|a (OCoLC)727645658
|
| 040 |
|
|
|a MiAaPQ
|c MiAaPQ
|d MiAaPQ
|
| 050 |
|
4 |
|a HF1480.5
|b .G585 2003
|
| 082 |
0 |
4 |
|a 337.8
|2 22
|
| 245 |
0 |
0 |
|a Globalization and development
|h [electronic resource] :
|b a Latin American and Caribbean perspective /
|c edited by Jose Antonio Ocampo, Juan Martin.
|
| 260 |
|
|
|a Palo Alto, Calif. :
|b Stanford Social Sciences ;
|a Washington, D.C. :
|b World Bank,
|c c2003.
|
| 300 |
|
|
|a xvi, 233 p.
|
| 490 |
1 |
|
|a Latin American development forum series
|
| 504 |
|
|
|a Includes bibliographical references and index.
|
| 533 |
|
|
|a Electronic reproduction. Ann Arbor, MI : ProQuest, 2015. Available via World Wide Web. Access may be limited to ProQuest affiliated libraries.
|
| 650 |
|
0 |
|a Globalization.
|
| 650 |
|
0 |
|a Economic development.
|
| 651 |
|
0 |
|a Latin America
|x Foreign economic relations.
|
| 651 |
|
0 |
|a Caribbean Area
|x Foreign economic relations.
|
| 651 |
|
0 |
|a Latin America
|x Economic conditions.
|
| 651 |
|
0 |
|a Caribbean Area
|x Economic conditions.
|
| 655 |
|
4 |
|a Electronic books.
|
| 700 |
1 |
|
|a Ocampo, Jose Antonio.
|
| 700 |
1 |
|
|a Martin, Juan,
|d 1941-
|
| 710 |
2 |
|
|a ProQuest (Firm)
|
| 830 |
|
0 |
|a Latin American development forum.
|
| 856 |
4 |
0 |
|u https://ebookcentral.proquest.com/lib/matrademy/detail.action?docID=476196
|z Click to View
|